| Tag |
First Indicator |
Second Indicator |
Subfields |
| LEADER |
00000cam a2200000 a 4500 |
| 001 |
in00001069388 |
| 005 |
20150929093048.0 |
| 008 |
850215s1984 txuabe b s00010 eng d |
| 035 |
|
|
|a (OCoLC)11702038
|
| 035 |
|
|
|9 AFM7851AM
|
| 040 |
|
|
|a IKM
|c IKM
|d UtOrBLW
|
| 049 |
|
|
|a IKMd
|
| 086 |
|
|
|a L1836.68 H336
|2 txdocs
|
| 099 |
|
9 |
|a L1836.68
|a H336
|
| 110 |
1 |
|
|a Texas.
|b Legislature.
|b Joint House-Senate Study Committee on Hazardous Waste Disposal.
|
| 245 |
1 |
0 |
|a Interim report to the 69th Texas Legislature, Texas House of Representatives /
|c Joint House-Senate Study Committee on Hazardous Waste Disposal.
|
| 264 |
|
1 |
|a [Austin, Tex.] :
|b [The House],
|c [1984]
|
| 300 |
|
|
|a v, 3, vii, 96, viii, 84 pages :
|b illustrations, maps, plans ;
|c 28 cm.
|
| 336 |
|
|
|a text
|b txt
|2 rdacontent
|
| 337 |
|
|
|a unmediated
|b n
|2 rdamedia
|
| 338 |
|
|
|a volume
|b nc
|2 rdacarrier
|
| 500 |
|
|
|a Cover title.
|
| 504 |
|
|
|a Includes bibliographies.
|
| 500 |
|
|
|a "Interim report of the house-senate joint study committee on hazardous waste disposal" -- Title page.
|
| 650 |
|
0 |
|a Hazardous wastes
|z Texas.
|
| 650 |
|
0 |
|a Hazardous waste sites
|z Texas
|x Location.
|
| 650 |
|
0 |
|a Radioactive waste disposal
|z Texas.
|
| 740 |
0 |
|
|a Interim report to the sixty-ninth Texas legislature.
|
| 740 |
0 |
|
|a Interim report of the house-senate joint study committee on hazardous waste disposal.
|
| 999 |
|
|
|a MARS
|
| 999 |
f |
f |
|s 26b185c6-0dd4-3783-bc86-cab2f2e1c633
|i 4c4febd2-3216-34fe-b04c-acdd863c924d
|t 0
|
| 952 |
f |
f |
|p normal
|a Texas A&M University
|b College Station
|c Sterling C. Evans Library
|d Evans: Texas Documents (Annex 5th floor)
|t 0
|e L1836.68 H336
|h Superintendent of Documents classification
|i unmediated -- volume
|m A14815832100
|
| 998 |
f |
f |
|a L1836.68 H336
|t 0
|l Evans: Texas Documents (Annex 5th floor)
|